000 00402nam a2200181Ia 4500
003 0STCL
008 150530s9999 xx 000 0 und d
040 _aSTCL
_cSTCL
100 _aParappurath
245 _aPrakasadhara
250 _a3
260 _bCurrent Book; Thrissur
_c1965
_aThrissur
300 _a0
546 _aMalayalam
942 _2ddc
_cBK
999 _c77254
_d77254
005 20220125171642.0